| 000 | 02110nam0a2200349 i 4500 | ||
|---|---|---|---|
| 001 | RU\NLR\BIBL_A\011437650 | ||
| 005 | 20260408083833.0 | ||
| 010 |
_a9785962414423 _9100 |
||
| 021 |
_aRU _b2017-45417 _93280 |
||
| 035 | _a(RuMoRGB)008917128 | ||
| 035 | _a(NLR Aleph) 011437650 | ||
| 090 |
_a11683774 _c11683774 |
||
| 100 | _a20170712d2017 um y0rusy50 ca | ||
| 101 | 0 | _arus | |
| 102 | _aRU | ||
| 105 | _ay|||j|||000zy | ||
| 200 | 1 |
_aОчерки историографии Сибири эпохи империи (XVIII - начало XX в.) _eучебное пособие _e[для бакалавров, магистрантов и аспирантов исторических факультетов] _fМинистерство образования и науки Российской Федерации, Федеральное государственное бюджетное образовательное учреждение высшего образования "Иркутский государственный университет", Исторический факультет _g[Л. М. Дамешек и другие _gответственный редактор: д.ист.н., проф. Л. М. Дамешек] |
|
| 210 |
_aИркутск _cИзд-во ИГУ _d2017 |
||
| 215 |
_a261 с. _d21 |
||
| 225 | 1 | _aРоссия азиатская | |
| 320 | _aБиблиогр. в конце очерков | ||
| 607 |
_aСибирь _jУчебные издания для высших учебных заведений _xИстория _xИсториография _92496952 _3RU\NLR\AUTH\661481186 |
||
| 686 |
_aТ3(2Р5)г.я73-1 _2rubbk |
||
| 686 |
_aТ1(2)5-1(2Р5)я73-1 _2rubbk |
||
| 686 | 1 | _aТ3(2Р5)г.я73 | |
| 702 | 1 |
_aДамешек _bЛ. М. _f1948- _gЛев Михайлович _4220 |
|
| 712 | 0 | 2 |
_4570 _aИркутский государственный университет _bИсторический факультет _3RU\NLR\AUTH\8810225122 _9334844 |
| 942 | _cBOOK | ||
| 980 | _aNBR | ||